000 00474nam a2200157 i 4500
001 35444
003 ES-MaACL
005 20230906155129.0
007 t|
008 030213s1971 sp ||||1| spa d
100 1 _aBornemann, Fritz.
_930522
245 1 0 _aArnoldo Janssen
_b: fundador de los misioneros del Verbo divino... /
_cFritz Bornemann.
260 _aEstella :
_bVerbo Divino,
_c[1971]
300 _a584 p., 3 lám. ;
_c23 cm.
852 _aES-MaACL
_jC-44536
_bR.79089
999 _c35444
_d35444